Rural electrification in Senegal / (Record no. 147707)

MARC details
000 -LEADER
fixed length control field 00880nam a2200253 a 4500
008 - FIXED-LENGTH DATA ELEMENTS--GENERAL INFORMATION
fixed length control field
020 ## - INTERNATIONAL STANDARD BOOK NUMBER
International Standard Book Number 187067006X (cased)
049 ## - LOCAL HOLDINGS (OCLC)
Holding library MAIN
090 ## - LOCALLY ASSIGNED LC-TYPE CALL NUMBER (OCLC); LOCAL CALL NUMBER (RLIN)
Classification number (OCLC) (R) ; Classification number, CALL (RLIN) (NR) HD9688
003 - CONTROL NUMBER IDENTIFIER
control field
005 - DATE AND TIME OF LATEST TRANSACTION
control field 20230123133403.0
040 ## - CATALOGING SOURCE
Transcribing agency NUST
245 10 - TITLE STATEMENT
Title Rural electrification in Senegal /
Statement of responsibility, etc. translated and edited by Gerald Foley.
260 ## - PUBLICATION, DISTRIBUTION, ETC.
Place of publication, distribution, etc. London :
Name of publisher, distributor, etc. Panos Publications,
Date of publication, distribution, etc. c1988.
300 ## - PHYSICAL DESCRIPTION
Extent 58 p. :
Other physical details ill. ;
Dimensions 30 cm.
490 0# - SERIES STATEMENT
Series statement Case study.
-- Panos Rural Electrification Programme ;
Volume/sequential designation 2
500 ## - GENERAL NOTE
General note Accompanied by: Supplement - Seminar on rural electrification in Senegal.
504 ## - BIBLIOGRAPHY, ETC. NOTE
Bibliography, etc. note Includes bibliographical references : p. 58.
650 #0 - SUBJECT ADDED ENTRY--TOPICAL TERM
Topical term or geographic name entry element Rural electrification
Geographic subdivision Senegal.
700 1# - ADDED ENTRY--PERSONAL NAME
Personal name Foley, Gerald.
830 ## - SERIES ADDED ENTRY--UNIFORM TITLE
Uniform title Panos rural electrification programme.
907 ## - LOCAL DATA ELEMENT G, LDG (RLIN)
a .b10086602
b 25-08-03
c 25-08-03
942 ## - ADDED ENTRY ELEMENTS (KOHA)
Koha item type Ordinary Loan Books
Call number prefix HD9688
Holdings
Date last seen Total Checkouts Full call number Barcode Cost, replacement price Price effective from Koha item type Lost status Source of classification or shelving scheme Damaged status Not for loan Collection Withdrawn status Home library Current library Shelving location Date acquired Cost, normal purchase price
01/23/2023 3 HD9688 RUR 92003004489 80.00 01/23/2023 BOOKS   LCC     NFIC   MAIN MAIN GEN 01/23/2023 80.00